All Ballon d’Or winners - Statistics

General Stats
  • This quiz has been taken 51 times
  • The average score is 10 of 28
Answer Stats
Year(s) Answer % Correct
2008, 2013, 2014, 2016, 2017 Cristiano Ronaldo
98%
2009, 2010, 2011, 2012, 2015, 2019, 2021, 2023 Lionel Messi
98%
1997, 2002 Ronaldo
98%
2024 Rodri
66%
2022 Karim Benzema
64%
2018 Luka Modric
62%
2005 Ronaldinho
57%
1998 Zinedine Zidane
51%
1983, 1984, 1985 Michel Platini
47%
1988, 1989, 1992 Marco van Basten
45%
2004 Andriy Shevchenko
30%
1972, 1976 Franz Beckenbauer
30%
1966 Bobby Charlton
28%
1970 Gerd Müller
26%
1980, 1981 Karl-Heinz Rummenigge
23%
1987 Ruud Gullit
23%
1957, 1959 Alfredo Di Stéfano
21%
1994 Hristo Stoichkov
21%
1993 Roberto Baggio
21%
1968 George Best
19%
1978, 1979 Kevin Keegan
19%
1990 Lothar Matthäus
19%
1965 Eusébio
15%
1958 Raymond Kopa
15%
1971, 1973, 1974 Johan Cruijff
13%
1977 Allan Simonsen
11%
1960 Luis Suárez
11%
1969 Gianni Rivera
6%
No matching quizzes found
Score Distribution
Percent of People with Each Score
Percentile by Number Answered
Your Score History
You have not taken this quiz